000 00309 a2200085 4500
020 _a978-1783473991
100 _a Danielle Sinnett (Editor), Nicholas Smith (Editor), Sarah Burgess (Editor)
245 _aHandbook on Green Infrastructure: Planning, Design and Implementation
260 _bEdward Elgar Publishing Ltd
999 _c13111
_d13111